An introduction to early childhood studies / (Record no. 14192)
[ view plain ]
| 000 -LEADER | |
|---|---|
| fixed length control field | 01234cam a2200325 i 4500 |
| 001 - CONTROL NUMBER | |
| control field | 19583931 |
| 005 - DATE AND TIME OF LATEST TRANSACTION | |
| control field | 20190904091949.0 |
| 008 - FIXED-LENGTH DATA ELEMENTS--GENERAL INFORMATION | |
| fixed length control field | 170404s2018 caua b 001 0 eng |
| 010 ## - LIBRARY OF CONGRESS CONTROL NUMBER | |
| LC control number | 2017938915 |
| 020 ## - INTERNATIONAL STANDARD BOOK NUMBER | |
| International Standard Book Number | 978-1-4739-7483-8 (pbk. : alk. paper) |
| 020 ## - INTERNATIONAL STANDARD BOOK NUMBER | |
| International Standard Book Number | 978-1-4739-7482-1 (hardback : alk. paper) |
| 040 ## - CATALOGING SOURCE | |
| Original cataloging agency | DLC |
| Language of cataloging | eng |
| Description conventions | rda |
| Transcribing agency | DLC |
| 042 ## - AUTHENTICATION CODE | |
| Authentication code | pcc |
| 050 00 - LIBRARY OF CONGRESS CALL NUMBER | |
| Classification number | LB1139.23 |
| Item number | .I71 2018 |
| 082 00 - DEWEY DECIMAL CLASSIFICATION NUMBER | |
| Classification number | DC 372.21 |
| Edition number | 2018 |
| Item number | In89 |
| 245 03 - TITLE STATEMENT | |
| Title | An introduction to early childhood studies / |
| Statement of responsibility, etc. | Edited by Sacha Powell & Kate Smith. |
| 246 30 - VARYING FORM OF TITLE | |
| Title proper/short title | Early childhood studies |
| 250 ## - EDITION STATEMENT | |
| Edition statement | 4th edition. |
| 260 ## - PUBLICATION, DISTRIBUTION, ETC. (IMPRINT) | |
| Place of publication, distribution, etc. | Los Angeles, CA : |
| Name of publisher, distributor, etc. | SAGE, |
| Date of publication, distribution, etc. | 2018. |
| 300 ## - PHYSICAL DESCRIPTION | |
| Extent | xxii, 318 pages : |
| Other physical details | illustrations ; |
| Dimensions | 24 cm |
| 504 ## - BIBLIOGRAPHY, ETC. NOTE | |
| Bibliography, etc | Includes bibliographical references (page 271-309) and index. |
| 650 #0 - SUBJECT ADDED ENTRY--TOPICAL TERM | |
| Topical term or geographic name as entry element | Early childhood education |
| Form subdivision | Textbooks. |
| 9 (RLIN) | 39323 |
| 650 #0 - SUBJECT ADDED ENTRY--TOPICAL TERM | |
| Topical term or geographic name as entry element | Child development |
| Form subdivision | Textbooks. |
| 9 (RLIN) | 39324 |
| 700 1# - ADDED ENTRY--PERSONAL NAME | |
| Personal name | Powell, Sacha, |
| Relator term | editor. |
| 9 (RLIN) | 39325 |
| 700 1# - ADDED ENTRY--PERSONAL NAME | |
| Personal name | Smith, Kate |
| Titles and other words associated with a name | (Childhood lecturer) |
| Relator term | editor. |
| 9 (RLIN) | 39326 |
| 365 ## - TRADE PRICE | |
| Price amount | 3,995 |
| Currency code | Php |
| 906 ## - LOCAL DATA ELEMENT F, LDF (RLIN) | |
| a | 7 |
| b | cbc |
| c | orignew |
| d | 2 |
| e | epcn |
| f | 20 |
| g | y-gencatlg |
| 942 ## - ADDED ENTRY ELEMENTS (KOHA) | |
| Source of classification or shelving scheme | Dewey Decimal Classification |
| Koha item type | Circulation |
| Withdrawn status | Lost status | Source of classification or shelving scheme | Damaged status | Not for loan | Collection code | Home library | Current library | Date acquired | Source of acquisition | Cost, normal purchase price | Total Checkouts | Full call number | Barcode | Date last seen | Copy number | Price effective from | Koha item type |
|---|---|---|---|---|---|---|---|---|---|---|---|---|---|---|---|---|---|
| Dewey Decimal Classification | Circulation | UM Digos College - LIC | UM Digos College - LIC | 08/08/2019 | Purchased | 3995.00 | DC 372.21 In89 2018 | 25527 | 05/15/2025 | 1 | 09/04/2019 | Circulation |
